000 00690nam a2200265Ia 4500
003 OSt
005 20221006142720.0
006 a|||||r|||| 00| 0
007 ta
008 221006b |||||||| |||| 00| 0 eng d
020 _c61.20
024 _a7,013
037 _cTextual
040 _aEASL
_cEASL
_beng
041 _2eng
_aeng
082 _aR842xM29:Q, L0
100 _aHAVENS Thomas R H
245 0 _aNishi amane and modern Japanese thought
260 _aPrinceton
_bPrinceton University Press
_c1970
300 _a253p.
_ccm.
490 _v JEL
650 _aJEL
942 _hR842xM29:Q, L0
_cTEXL
_2CC
999 _c1075099
_d1075099